|
|
|
|
| LEADER |
00000nam0a2200000 4500 |
| 001 |
56658 |
| 005 |
20231031053642.0 |
| 035 |
|
|
|a (RuTPU)RU\TPU\book\59513
|
| 090 |
|
|
|a 56658
|
| 100 |
|
|
|a 20031003d1965 k y0rusy50 ca
|
| 101 |
0 |
|
|a rus
|
| 102 |
|
|
|a RU
|
| 105 |
|
|
|a a z 001zy
|
| 200 |
1 |
|
|a Специальные функции и теория представлений групп
|f Н. Я. Виленкин
|
| 210 |
|
|
|a Москва
|c Наука
|d 1965
|
| 215 |
|
|
|a 588 с.
|c ил.
|
| 320 |
|
|
|a Библиогр.: с. 563-575 (303 назв.)
|
| 610 |
1 |
|
|a математика
|
| 610 |
1 |
|
|a специальные функции
|
| 610 |
1 |
|
|a группы
|
| 610 |
1 |
|
|a числа
|
| 610 |
1 |
|
|a ряды
|
| 610 |
1 |
|
|a интегралы
|
| 610 |
1 |
|
|a матрицы
|
| 610 |
1 |
|
|a многочлены
|
| 610 |
1 |
|
|a плоскости
|
| 675 |
|
|
|a 517.56
|v 3
|
| 675 |
|
|
|a 519
|v 3
|
| 700 |
|
1 |
|a Виленкин
|b Н. Я.
|g Наум Яковлевич
|
| 801 |
|
1 |
|a RU
|b 63413507
|c 20031003
|g PSBO
|
| 801 |
|
2 |
|a RU
|b 63413507
|c 20031003
|g PSBO
|
| 801 |
|
2 |
|a RU
|b 63413507
|c 20031007
|g PSBO
|
| 942 |
|
|
|c BK
|